Сорные растения СССР. Т. 1 (Запись № 13616831)

Подробности
000 -МАРКЕР
контрольное поле 01446nam2a2200229 4500
001 - ИДЕНТИФИКАТОР ЗАПИСИ
контрольное поле rc\3007949
005 - ИДЕНТИФИКАТОР ВЕРСИИ
контрольное поле 20260315064052.0
035 ## - ДРУГИЕ СИСТЕМНЫЕ НОМЕРА
Идентификатор записи (NLR Aleph) 007150654
100 ## - ДАННЫЕ ОБЩЕЙ ОБРАБОТКИ
Данные общей обработки 20080314d1935 u y0rusy50 ca
101 0# - ЯЗЫК РЕСУРСА
Язык текста, звукозаписи и т.д. русский
102 ## - СТРАНА ПУБЛИКАЦИИ ИЛИ ПРОИЗВОДСТВА
Страна публикации Российская Федерация
105 ## - ПОЛЕ КОДИРОВАННЫХ ДАННЫХ: ТЕКСТОВЫЕ МАТЕРИАЛЫ, МОНОГРАФИЧЕСКИЕ
Кодированные данные о монографическом текстовом документе ba z |||||
200 0# - ЗАГЛАВИЕ И СВЕДЕНИЯ ОБ ОТВЕТСТВЕННОСТИ
Основное заглавие Т. 1
210 ## - ПУБЛИКАЦИЯ, РАСПРОСТРАНЕНИЕ И ДР.
Дата издания, распространения и т.д. 1935
215 ## - ФИЗИЧЕСКАЯ ХАРАКТЕРИСТИКА
Специфическое обозначение материала и объем Переплет, 323 с., 1 вкл. л. карт.
Другие сведения о физической характеристике ил., карт.
461 #0 - УРОВЕНЬ НАБОРА
Встроенное поле 001rc\3007948
-- 2001#$aСорные растения СССР$eРуководство к определению сорных растений СССР ...$fПод ред. акад. Б.А. Келлера, акад. Вуан, В.Н. Любименко ... [и др.]$gС участием коллектива ботаников БИН'а ВИР'а и др. спец. по сорным растениям$gБотанич. ин-т Акад. наук СССР и Ин-т растениеводства Акад. с.-х. наук им. Ленина$vТ. 1
Системный номер (АБИС) связанной записи 7148183
Место публикации Ленинград
Дата публикации 1935
Первые сведения об ответственности Под ред. акад. Б.А. Келлера, акад. Вуан, В.Н. Любименко ... [и др.]
Имя издателя, распространителя и т.д. изд-во и тип. Акад. наук СССР
Сведения, относящиеся к заглавию Руководство к определению сорных растений СССР ...
Заглавие Сорные растения СССР
Номер тома Т. 1
801 #0 - ИСТОЧНИК ЗАПИСИ
Страна Российская Федерация
Организация NLR
Правила каталогизации psbo
801 #1 - ИСТОЧНИК ЗАПИСИ
Страна Российская Федерация
Организация ELAR
Источник данных rusmarc
852 ## - МЕСТОНАХОЖДЕНИЕ И ШИФР ХРАНЕНИЯ
Идентификатор организации NLR
Шифр хранения (Call Number) 35-19/102(1)
942 ## - ДОПОЛНИТЕЛЬНЫЕ ЭЛЕМЕНТЫ ЗАПИСИ (АБИС)
Тип экземпляра АБИС Неопределено
980 ## - КОЛЛЕКЦИЯ
Название коллекции Национальная библиография

Нет доступных экземпляров.